Desarrollo de dos procedimientos para realizar calibraciones radiométricas y fotométricas utilizando lámparas patrón y una esfera integradora
Guardado en:
| Hovedforfatter: | |
|---|---|
| Andre forfattere: | |
| Format: | Bog |
| Sprog: | Spanish |
| Udgivet: |
[San José, Costa Rica]
2012
|
| Fag: | |
| Tags: |
Tilføj Tag
Ingen Tags, Vær først til at tagge denne postø!
|
MARC
| LEADER | 00000nam a22000007a 4500 | ||
|---|---|---|---|
| 003 | 010879 | ||
| 005 | 20230828111055.0 | ||
| 008 | 151022b2012 cr a|||| |||| 00| ||spa d | ||
| 040 | |c cru CEDI | ||
| 090 | |a TFG 6701 | ||
| 100 | |9 1718 |a Rojas Vargas, Andrés | ||
| 245 | |a Desarrollo de dos procedimientos para realizar calibraciones radiométricas y fotométricas utilizando lámparas patrón y una esfera integradora | ||
| 260 | |a [San José, Costa Rica] |c 2012 | ||
| 300 | |a xv, 123 hojas : ilustraciones (algunas a color) | ||
| 500 | |a Tesis (licenciatura en ingeniería eléctrica)--Universidad de Costa Rica. Facultad de Ingeniería. Escuela de Ingeniería Eléctrica | ||
| 501 | |a Director de Tesis de Graduación: Ing. Luis Diego Marín Naranjo | ||
| 610 | 0 | |9 1240 |a Universidad de Costa Rica.. Escuela de Ingeniera Eléctrica. Laboratorio de Fotónica y Tecnología Láser Aplicada | |
| 650 | |x LUZ - MEDICIONES |x LUMINISCENCIA |x CALIBRACION |x FOTOMETRIA |x RADIOMETRIA |x LAMPARAS |x INGENIERÍA ELÉCTRICA |9 1719 | ||
| 700 | |9 326 |a Marín Naranjo, Luis Diego, 1960- |d Director del TFG | ||
| 942 | |c CEDI | ||
| 999 | |c 14243 |d 14243 | ||
